| 000 | 00654nam a22002177a 4500 | ||
|---|---|---|---|
| 005 | 20180626144617.0 | ||
| 008 | 180626b xxu||||| |||| 00| 0 eng d | ||
| 010 | _aB-094526 | ||
| 020 |
_a8175241591 _c750.00 |
||
| 035 | _aB-094526 | ||
| 037 | _bBPPD/ PUB | ||
| 040 |
_adpl _bEng |
||
| 082 | _a796 JAI | ||
| 100 | _aJain,Deepak | ||
| 245 |
_aPhysical activities for elementary school children / _c by Deepak Jain |
||
| 260 |
_aNew Delhi _bkhel sahitya kendra _c2003 |
||
| 270 |
_a4264/3, Ansari Road, Darya Ganj _bNew Delhi _e110002 |
||
| 300 |
_a455p. _c22cm (Hb) _bill. |
||
| 650 | _935248 | ||
| 942 |
_2ddc _cEN _mJAI _h796 |
||
| 999 |
_c153112 _d153112 |
||